00417nam a2200145Ia 4500008004100000041000900041082001500050100001900065245002300084260003900107300000800146650000800154999001700162952009200179230718s9999 xx 000 0 und d aEng. a397bSYP-C aSypes, Shon K. 0aCrosixu cim claims aPakistanbSecell and Marwellc1989 a225 aLaw c26260d26260 00104070aSIRC-LbSIRC-Ld2023-07-18l0o397 SYP-Cp21212r2023-07-18w2023-07-18yBK